000 00359nam a2200133Ia 4500
008 151001s9999||||xx |||||||||||||| ||und||
100 _a -
245 _aवाल्मीकीय रामायण
250 _a1
260 _bभारतीय प्रकाशन संस्था
260 _c2009
300 _a200
365 _b18
999 _c994447
_d994444